000
00324nam a22001457a 4500
008
210310b ||||| |||| 00| 0 eng d
020
_a
9780130451873
041
_a
eng
080
_2
2nd
_a
338
082
_a
338
100
_a
53
101
_a
MEN
245
_a
Bussines Market Management
_c
Anderson, J.C
942
_2
udc
_c
BK
999
_c
56143
_d
56143